| 000 | 00519nam a2200169 a 4500 | ||
|---|---|---|---|
| 001 | 000044399 | ||
| 003 | OSt | ||
| 005 | 20240619113636.0 | ||
| 008 | 140627s1989 dr ab 000 0 spa d | ||
| 040 |
_aDO-SdBNP _bspa _cBNPHU |
||
| 100 | 1 |
_aJoaquín, Lidia _910502 |
|
| 245 | 1 | 0 |
_aCuaderno de trabajo : _bEstudios sociales 7 / _cLidia Joaquín, Eleanor Grimaldi Selié. |
| 260 |
_aSanto Domingo : _bSusaeta, _c1989. |
||
| 300 |
_a127 p. ; _c26 cm. |
||
| 700 | 1 | 2 |
_aGrimaldi Silié, Eleanor, _d1948- _985713 |
| 942 |
_2ddc _cLBS1 |
||
| 999 |
_c43888 _d43888 |
||